Loading...
| Ancient History and Archaeology | 1 | 0.00 | 0% | 0% | 0% |
| Beliefs | 7 | 5.71 | 0% | 86% | 29% |
| British and Commonwealth History | 1 | 10.00 | 0% | 200% | 0% |
| Current Events | 1 | 20.00 | 400% | 200% | 0% |
| Fine Arts - Auditory | 7 | 11.43 | 114% | 86% | 71% |
| Fine Arts - Visual | 6 | 13.33 | 67% | 167% | 67% |
| Geography | 2 | 5.00 | 200% | 0% | 0% |
| History - American | 4 | 10.00 | 100% | 100% | 50% |
| History - European | 3 | 16.67 | 400% | 133% | 0% |
| History - World | 5 | 8.00 | 160% | 40% | 40% |
| Literature - American | 3 | 10.00 | 133% | 67% | 67% |
| Literature - British | 7 | 10.00 | 171% | 71% | 29% |
| Literature - European | 6 | 10.00 | 200% | 33% | 67% |
| Other Arts: Auditory | 1 | 10.00 | 0% | 0% | 200% |
| Other Arts: Visual | 3 | 6.67 | 0% | 67% | 33% |
| Other Science: Computer Science | 1 | 10.00 | 0% | 200% | 0% |
| Other Science: Earth Science | 1 | 20.00 | 100% | 100% | 0% |
| Philosophy | 5 | 14.00 | 240% | 40% | 100% |
| Science - Biology | 3 | 13.33 | 133% | 133% | 67% |
| Science - Chemistry | 4 | 10.00 | 125% | 100% | 0% |
| Science - Physics | 5 | 12.00 | 160% | 0% | 140% |
| Social Science | 7 | 10.00 | 171% | 43% | 57% |
| World and Other Literature | 4 | 10.00 | 125% | 0% | 75% |